Etnografia Portuguesa (Registo nº 202829)

Detalhes MARC
000 -Etiqueta do registo
Valores 00772nam 22002173 4500
010 ## - Número ISBN
ISBN 978-972-27-1540-9 (vol. IX)
021 ## - Número do Depósito Legal
Código do país Portugal
Número 252430/07 (IX)
100 ## - Dados gerais de processamento
Dados gerais 20260701d u||y0pory50 ba
200 ## - Titulo e menção de responsabilidade
Título próprio Etnografia Portuguesa
Primeira menção de responsabilidade José Leite de Vasconcelos
210 ## - Publicação
Local de publicação [Lisboa]
Nome do editor Imprensa Nacional-Casa da Moeda
Data de publicação 2007
215 ## - Descrição física 
Paginação / Volumes vol. IX; [XVI], 722, [4] p.
Outras indicações físicas il. ; brochado
Dimensões 29 cm
300 ## - Notas gerais 
Texto da nota reimpressão fac-similada da edição de 1985<br/><br/><br/>
327 ## - Nota de conteúdo
Texto da nota <br/><br/>
606 ## - Nome comum usado como assunto
ID Autoridade 2051
Palavra de ordem Antropologia Cultural. Etnologia. Etnografia. Usos e Costumes. Tradições. Modo de vida. Folclore
675 ## - CDU
Notação 39
Edição PT
Língua por
700 ## - Autor principal (pessoa individual)
ID Autoridade 6202
Apelido Vasconcelos
Nome José Leite de
Datas 1858-1941
801 ## - Fonte de origem
País PT
Agência BMMN
Regras de catalogação RPC
830 ## - Notas gerais do catalogador
Criado por Vanda
990 ## - Elementos KOHA
Tipo de documento Livro
Exemplares
Situação do levantamento Biblioteca de origem Código de barras Cota Permissão de empréstimo Tipo de documento Forma de aquisição
  Biblioteca Municipal de Montemor-o-Novo 32350 39 VAS|DEP   Livro Oferta

Powered by Koha